[Event "POL-chT Academic"]
[Site "Chorzow"]
[Date "2022.04.02"]
[Round "4.16"]
[White "Zarnowski, Krzysztof"]
[Black "Prochnicki, Maciej"]
[Result "1-0"]
[WhiteElo "1948"]
[BlackElo "1637"]
[PlyCount "59"]
[EventDate "2022.04.02"]
[EventType "team-swiss (rapid)"]
[EventRounds "9"]
[EventCountry "POL"]
[SourceTitle "EXT 2024"]
[Source "ChessBase"]
[SourceDate "2023.10.10"]
[SourceVersion "1"]
[SourceVersionDate "2023.10.10"]
[SourceQuality "1"]

1. d4 d5 2. c4 c6 3. Nf3 Nf6 4. Nc3 a6 5. a4 e6 6. e3 Be7 7. Bd3 Nbd7 8. 0-0 0-0 9. b3 b6 10. Bb2 Bb7 11. Qe2 c5 12. cxd5 Nxd5 13. Nxd5 Bxd5 14. Bxa6 Bxb3 15. Bb5 Bd5 16. e4 Bb7 17. Rfd1 Nf6 18. dxc5 Qc8 19. cxb6 Nxe4 20. Rac1 Qb8 21. Be5 Bd6 22. Bxd6 Nxd6 23. Ne5 Nxb5 24. Qxb5 Rd8 25. Nc6 Bxc6 26. Qxc6 Ra6 27. Rxd8+ Qxd8 28. Qc8 Ra8 29. Qxd8+ Rxd8 30. b7 1-0

[Event "Klementowice Gr-A 1st"]
[Site "Klementowice"]
[Date "2010.08.23"]
[Round "1.16"]
[White "Prochnicki, Maciej"]
[Black "Bartoszek, Jakub"]
[Result "0-1"]
[WhiteElo "1637"]
[BlackElo "1685"]
[PlyCount "118"]
[EventDate "2010.08.23"]
[EventType "swiss"]
[EventRounds "9"]
[EventCountry "POL"]
[SourceTitle "EXT 2023"]
[Source "ChessBase"]
[SourceDate "2022.10.05"]
[SourceVersion "1"]
[SourceVersionDate "2022.10.05"]
[SourceQuality "1"]

1. d4 g6 2. c4 Bg7 3. Nf3 d6 4. e3 Nf6 5. Nc3 0-0 6. Bd3 Nc6 7. h3 Nd7 8. a3 a5 9. Qc2 e5 10. d5 Ne7 11. e4 f5 12. Bg5 Nc5 13. 0-0-0 h6 14. Bxe7 Qxe7 15. Nd2 c6 16. g3 Bd7 17. h4 Rfb8 18. a4 Na6 19. b3 Nb4 20. Qb1 cxd5 21. Nxd5 Nxd5 22. exd5 Rc8 23. Bc2 e4 24. Nf1 Rc5 25. Ne3 Qe5 26. h5 g5 27. Rhg1 Rac8 28. g4 f4 29. Nf5 Bxf5 30. gxf5 Qc3 31. Rde1 Bd4 32. Rgf1 Bxf2 33. Rxe4 Be3+ 34. Rxe3 Qxe3+ 35. Kb2 Qd4+ 36. Ka2 Re8 37. Re1 Rcc8 38. Re6 Rxe6 39. fxe6 Rc7 40. Bg6 Kg7 41. Bf7 Qf6 42. Qe1 b6 43. Qf2 Rb7 44. Kb1 g4 45. Kc2 f3 46. Bg6 Qf4 47. Kd3 g3 48. Qb2+ Qf6 49. Qxf6+ Kxf6 50. Ke3 f2 51. Ke2 Kg5 52. Kf1 Kf4 53. Bd3 Rg7 54. Kg2 Ke3 55. Bf1 Kd2 56. c5 bxc5 57. Bb5 Ke1 58. Bf1 Rg5 59. Bb5 Rxd5 0-1